| 000 | 00508nam a22001577a 4500 | ||
|---|---|---|---|
| 005 | 20251108171224.0 | ||
| 008 | 250721s1981 xx 000 0 ara d | ||
| 082 | 1 | 4 | _aم/413/جبر |
| 100 | 1 | _aمسعود، جبران | |
| 245 | 1 | 0 |
_aرائد الطلاب : _bمعجم لغوي عصري للطلاب رتبت مفرادته لحروفها الأولى / |
| 250 | _aط7 | ||
| 264 | 1 |
_aبيروت : _bدار العلم للملايين، _c1981. |
|
| 300 | _a101ص | ||
| 942 |
_2ddc _cREF |
||
| 999 |
_c59744 _d59744 |
||